Democracia y desarrollo económico. Las Políticas de estímulos económicos y la democratización del sector agropecuario
Kaydedildi:
| Yazar: | |
|---|---|
| Materyal Türü: | Metin |
| Baskı/Yayın Bilgisi: |
Panamá:
Universidad de Panamá
|
| Etiketler: |
Etiketle
Etiket eklenmemiş, İlk siz ekleyin!
|
MARC
| LEADER | 00000 a a2200000 04500 | ||
|---|---|---|---|
| 001 | 21504 | ||
| 003 | |||
| 040 | |||
| 090 | |a 095000 | ||
| 100 | |a Porto Ortíz, Rogerio | ||
| 245 | |a Democracia y desarrollo económico. Las Políticas de estímulos económicos y la democratización del sector agropecuario | ||
| 260 | |a Panamá: |b Universidad de Panamá | ||
| 300 | |a 17 p. | ||
| 999 | |c 14845 |d 14845 | ||
